| 000 | nam a22 7a 4500 | ||
|---|---|---|---|
| 999 |
_c342269 _d342269 |
||
| 003 | NUST | ||
| 005 | 20171215100643.0 | ||
| 008 | 171215b xxu||||| |||| 00| 0 eng d | ||
| 040 | _cNUST | ||
| 082 |
_a891.4393 _bUSM |
||
| 100 |
_aUsmani, Zeeshan Ul Hassan _97318 |
||
| 245 |
_aKassak: _bsachai sy makhoz jhoti kahaniyan / _cZeeshan Ul Hassan Usmani |
||
| 260 |
_aLahore: _bIlm o arfan publishers, _c2016 |
||
| 300 | _a112 pages | ||
| 650 |
_aUrdu - Literature _9347 |
||
| 880 |
_6100-01\(3\r _aذیشان الحسن عثمانی |
||
| 880 |
_6245-02\(3\r _aکسک: _bسچائی سے ماخوذ جھوٹی کہانیاں _cذیشان الحسن عثمانی |
||
| 880 |
_6260-03\(3\r _aلاہور: _bعلم و عرفان پبلشرز، _c2016 |
||
| 942 |
_2ddc _cBK |
||